Progress in nuclear physics (Record no. 1486)

MARC details
000 -LEADER
fixed length control field 00567nam a2200193Ia 4500
003 - CONTROL NUMBER IDENTIFIER
control field IN-BaIIA
008 - FIXED-LENGTH DATA ELEMENTS--GENERAL INFORMATION
fixed length control field 211028s9999 xx 000 0 eng d
020 ## - INTERNATIONAL STANDARD BOOK NUMBER
International Standard Book Number  9781483224923
040 ## - CATALOGING SOURCE
Transcribing agency IIA Library
080 ## - UNIVERSAL DECIMAL CLASSIFICATION NUMBER
Universal Decimal Classification number 047.1:539.1
Item number PRO-4
245 #0 - TITLE STATEMENT
Title Progress in nuclear physics
Remainder of title vol. 4
Statement of responsibility, etc. edited by O. R. Frisch
260 ## - PUBLICATION, DISTRIBUTION, ETC.
Place of publication, distribution, etc. London
Name of publisher, distributor, etc. Pergamon Press
Date of publication, distribution, etc. 1955
300 ## - PHYSICAL DESCRIPTION
Extent vii, 379p.
650 ## - SUBJECT ADDED ENTRY--TOPICAL TERM
Topical term or geographic name entry element High energy interactions
650 ## - SUBJECT ADDED ENTRY--TOPICAL TERM
Topical term or geographic name entry element NASA Thesaurus
650 ## - SUBJECT ADDED ENTRY--TOPICAL TERM
Topical term or geographic name entry element Nuclear research
700 ## - ADDED ENTRY--PERSONAL NAME
Personal name Frisch, O. R., ed.
942 ## - ADDED ENTRY ELEMENTS (KOHA)
Koha item type Books
Holdings
Withdrawn status Lost status Damaged status Not for loan Home library Current library Shelving location Date acquired Total Checkouts Full call number Barcode Date last seen Price effective from Koha item type
        IIA Library-Bangalore IIA Library-Bangalore General Stacks     047.1:539.1/ PRO-4 1602 05/11/2021   Books

Powered by Koha